LIBRARY & INFORMATION CENTRE, KCAET, TAVANUR

ONLINE PUBLIC ACCESS CATALOGUE (OPAC)

Text book of Foods, Nutrition and Dietetics / (Record no. 10262)

MARC details
000 -LEADER
fixed length control field 00381cam a2200145ua 4500
020 ## - INTERNATIONAL STANDARD BOOK NUMBER
ISBN 81-207-0932-2
020 ## - INTERNATIONAL STANDARD BOOK NUMBER
ISBN 9788120737143
082 ## - DEWEY DECIMAL CLASSIFICATION NUMBER
Classification number 664
Item number RAH/TE
100 ## - MAIN ENTRY--AUTHOR NAME
Personal name Raheena , Begum .
245 ## - TITLE STATEMENT
Title Text book of Foods, Nutrition and Dietetics /
250 ## - EDITION STATEMENT
Edition statement 2 / 3
260 ## - PUBLICATION, DISTRIBUTION, ETC. (IMPRINT)
Place of publication Delhi :
Name of publisher Sterling Publishers Pvt Ltd ,
Year of publication 1991.
-- 2012
300 ## - PHYSICAL DESCRIPTION
Number of Pages 356 ; .
942 ## - ADDED ENTRY ELEMENTS (KOHA)
Koha item type Books
Holdings
Withdrawn status Lost status Damaged status Home library Current library Date acquired Full call number Accession Number Koha item type Collection code Shelving location Source of acquisition Cost, normal purchase price
      KAUAET KAUAET 07/04/2012 664 18549 Books        
      KAUAET KAUAET 30/03/2013 664 RAH/TE 23801 Books Non-fiction General Stacks Minerva Books 275.00
      KAUAET KAUAET 27/08/2016 664 RAH/TE BB 64 Book Bank scheme for SC students   Scheme Cosmo Books, Kozhikkode. 150.00
      KAUAET KAUAET 27/08/2016 664 RAH/TE BB 65 Book Bank scheme for SC students   Scheme Cosmo Books, Kozhikkode. 150.00
free website counter